000 01126nam a2200301 4500
001 0000016884
003 CO-CtgCURN
005 20250509162142.0
007 ta
008 160627s1997 000 0 eng d
020 _a9583501433
040 _aCO-CtgCURN
_bspa
_ccoctgcurn
082 0 _a341.232
_bA59t
100 1 _aAlzate Donoso, Fernando.
245 1 0 _aTeoria y practica en las naciones unidas /
_cFernando Alzate Donoso.
260 _aBogotá :
_bEditorial Temis,
_c1997.
300 _axxiii, 261 p.
336 _2rdacontent
337 _2rdamedia
_asin mediacion
_bn
338 _2rdacarrier
_avolumen
_bnc
500 _aAnexo.
504 _aBibliofrafia(p. 257-261)
505 8 _aCartas de la ONU.--Reforma de las naciones unidas.--Convencion de 1982.--Derecho el mar.--Naciones unidas.--Organismos de las naciones unidas,Historia.--Cooperacion internacional.--Organizacion internacional, historia.--Derecho internacional, Historia
650 1 4 _aONU
_vHistoria.
908 _a160627
942 _cBK
_h341.232
_iA59t
_2ddc
_n0
999 _c18882
_d18882